| 000 | 00498nam a22001817a 4500 | ||
|---|---|---|---|
| 005 | 20240109141245.0 | ||
| 008 | 240109b ||||| |||| 00| 0 eng d | ||
| 020 | _a9780697158017 | ||
| 040 | _cAL | ||
| 041 | _aeng | ||
| 082 |
_223 _a530 _bGRIP |
||
| 100 |
_aThomas W Griffith _9147782 |
||
| 245 |
_aPhysics of everyday phenomena _b: a conceptual introduction to physics |
||
| 250 | _a2nd ed. | ||
| 260 |
_aBoston _bMcGraw-Hill _c1998 |
||
| 300 |
_axiv,476p. _bPB _c27.5x21cm. |
||
| 942 |
_2ddc _cBK |
||
| 999 |
_c229614 _d229614 |
||